Countries Nathan Drake has visited ( uncharted ) - Statistics

General Stats
  • This quiz has been taken 786 times
    318 since last reset
  • The average score is 11 of 19
Answer Stats
Continent Country % Correct
North America United States of America
84%
Europe France
80%
Europe United Kingdom
78%
South America Brazil
72%
Asia China
72%
Africa Madagascar
68%
Asia Nepal
68%
South America Colombia
64%
North America Panama
64%
Europe Italy
62%
North America Mexico
61%
South America Peru
60%
Asia/ Europe Turkey
57%
Asia Syria
55%
Asia Yemen
47%
Asia Indonesia
46%
Asia Saudi Arabia
46%
South America Ecuador
36%
Asia Timor Leste
3%
No matching quizzes found
Score Distribution
Percent of People with Each Score
Percentile by Number Answered
Your Score History
You have not taken this quiz since the last reset